<?xml version="1.0" encoding="UTF-8"?>
<record
    xmlns:xsi="http://www.w3.org/2001/XMLSchema-instance"
    xsi:schemaLocation="http://www.loc.gov/MARC21/slim http://www.loc.gov/standards/marcxml/schema/MARC21slim.xsd"
    xmlns="http://www.loc.gov/MARC21/slim">

  <leader>02534nam a2200205Ia 4500</leader>
  <controlfield tag="001">b7163-53264 </controlfield>
  <controlfield tag="003">IT-MiCISF</controlfield>
  <controlfield tag="008">161014s9999||||xx |||||||||||||| ||und||</controlfield>
  <datafield tag="040" ind1=" " ind2=" ">
    <subfield code="a">IT-MiCISF</subfield>
    <subfield code="c">IT-MiCISF</subfield>
  </datafield>
  <datafield tag="041" ind1=" " ind2=" ">
    <subfield code="a">it</subfield>
  </datafield>
  <datafield tag="100" ind1=" " ind2=" ">
    <subfield code="a">Pacucci Marianna</subfield>
  </datafield>
  <datafield tag="245" ind1=" " ind2="0">
    <subfield code="a">Educare in famiglia</subfield>
    <subfield code="b">Un'impresa esaltante</subfield>
  </datafield>
  <datafield tag="250" ind1=" " ind2=" ">
    <subfield code="a">1a ed.</subfield>
  </datafield>
  <datafield tag="260" ind1=" " ind2=" ">
    <subfield code="a"> Leumann (TO)</subfield>
    <subfield code="b">Elledici</subfield>
    <subfield code="c">2010</subfield>
  </datafield>
  <datafield tag="300" ind1=" " ind2=" ">
    <subfield code="a">pp. 373</subfield>
  </datafield>
  <datafield tag="500" ind1=" " ind2=" ">
    <subfield code="a"> / educazione-familiare, comunicazione, valori, vita-familiare, fede / Anche se resta ancora molto condivisa l'opinione che la famiglia sia il luogo della generazione e della cura della vita perch&#xE9; cresca in serenit&#xE0;, gioia, relazione di amore,  oggi si parla soprattutto di crisi, di emergenza dell'educazione familiare: emergono sempre pi&#xF9; difficolt&#xE0;, incertezze nei ruoli e nei compiti genitoriali. Educare in famiglia oggi, pertanto, non &#xE8; un'impresa facile, richiede nuove capacit&#xE0; e competenze, si devono superare emergenze preoccupanti, ma resta pur sempre un'impresa esaltante. Questo &#xE8; il messaggio e la rassicurazione che vuole far pervenire ai genitori l'A. con questo volume, che riordina in nove capitoli gli interventi apparsi dal 1997 al 2010 sul "Bollettino Salesiano". Alla fine di ogni capitolo, inoltre, come verifica e valutazione della tematica generale dello stesso capitolo, &#xE8; inserita una scheda intitolata "per giocare e per giocarsi", che ciascun lettore potr&#xE0; utilizzare per valorizzare la propria esperienza familiare. Anche se resta ancora molto condivisa l'opinione che la famiglia sia il luogo della generazione e della cura della vita perch&#xE9; cresca in serenit&#xE0;, gioia, relazione di amore,  oggi si parla soprattutto di crisi, di emergenza dell'educazione familiare: emergono sempre pi&#xF9; difficolt&#xE0;, incertezze nei ruoli e nei compiti genitoriali. Educare in famiglia oggi, pertanto, non &#xE8; un'impresa facile, richiede nuove capacit&#xE0; e competenze, si devono superare emergenze preoccupanti, ma resta pur sempre un'impresa esaltante. Questo &#xE8; il messaggio e la rassicurazione che vuole far pervenire ai genitori l'A. con questo volume, che riordina in nove capitoli gli interventi apparsi dal 1997 al 2010 sul "Bollettino Salesiano". Alla fine di ogni capitolo, inoltre, come verifica e valutazione della tematica generale dello stesso capitolo, &#xE8; inserita una scheda intitolata "per giocare e per giocarsi", che ciascun lettore potr&#xE0; utilizzare per valorizzare la propria esperienza familiare. </subfield>
  </datafield>
  <datafield tag="650" ind1=" " ind2=" ">
    <subfield code="a">educazione</subfield>
  </datafield>
  <datafield tag="942" ind1=" " ind2=" ">
    <subfield code="c">BK</subfield>
  </datafield>
  <datafield tag="957" ind1=" " ind2=" ">
    <subfield code="7">1</subfield>
  </datafield>
  <datafield tag="999" ind1=" " ind2=" ">
    <subfield code="a">53264</subfield>
    <subfield code="b">si</subfield>
    <subfield code="g">1</subfield>
    <subfield code="c">209807</subfield>
    <subfield code="d">209807</subfield>
  </datafield>
  <datafield tag="952" ind1=" " ind2=" ">
    <subfield code="0">0</subfield>
    <subfield code="1">0</subfield>
    <subfield code="4">0</subfield>
    <subfield code="6">B_716353264</subfield>
    <subfield code="7">1</subfield>
    <subfield code="a">CISF</subfield>
    <subfield code="b">CISF</subfield>
    <subfield code="d">2016-10-14</subfield>
    <subfield code="l">0</subfield>
    <subfield code="o">b7163-53264 </subfield>
    <subfield code="r">2016-10-14 00:00:00</subfield>
    <subfield code="w">2016-10-14</subfield>
    <subfield code="y">BK</subfield>
    <subfield code="z">Data import 15.10.2016 / by Epidotti, Vaglietti</subfield>
  </datafield>
</record>
